[Event "Moscow Aeroflot op-A 18th"]
[Site "Moscow"]
[Date "2019.02.23"]
[Round "5"]
[White "Jumabayev, Rinat"]
[Black "Gavrilescu, David"]
[Result "1-0"]
[WhiteElo "2604"]
[BlackElo "2479"]
[PlyCount "43"]
[EventDate "2019.02.20"]
[EventType "swiss"]
[EventRounds "9"]
[EventCountry "RUS"]
[SourceTitle "CBM 189"]
[Source "ChessBase"]
[SourceDate "2019.04.29"]
[SourceVersion "1"]
[SourceVersionDate "2019.04.29"]
[SourceQuality "1"]

1. c4 e6 2. Nf3 d5 3. e3 Nf6 4. b3 Be7 5. Bb2 O-O 6. Nc3 dxc4 7. Bxc4 c5 8. h4
Nc6 9. Qb1 Nd5 10. g4 f6 11. Qe4 Nc7 12. Ng5 fxg5 13. hxg5 g6 14. f4 Rf7 15.
Nb5 Bf8 16. Nxc7 Qxc7 17. Qxg6+ Rg7 18. Qe4 Nb4 19. g6 hxg6 20. Bxe6+ Bxe6 21.
Qxe6+ Qf7 22. Rh8+ 1-0

[Event "Moscow Aeroflot op-A 18th"]
[Site "Moscow"]
[Date "2019.02.23"]
[Round "5"]
[White "Karthik, Venkataraman"]
[Black "Schitco, Ivan"]
[Result "1-0"]
[WhiteElo "2494"]
[BlackElo "2426"]
[PlyCount "147"]
[EventDate "2019.02.20"]
[EventType "swiss"]
[EventRounds "9"]
[EventCountry "RUS"]
[SourceTitle "CBM 189"]
[Source "ChessBase"]
[SourceDate "2019.04.29"]
[SourceVersion "1"]
[SourceVersionDate "2019.04.29"]
[SourceQuality "1"]

1. e4 e5 2. Nf3 Nc6 3. Bb5 a6 4. Ba4 Nf6 5. O-O Be7 6. Re1 b5 7. Bb3 d6 8. c3
O-O 9. h3 Nb8 10. d4 Nbd7 11. Nbd2 Bb7 12. Bc2 Re8 13. Nf1 Bf8 14. Ng3 g6 15.
a4 c5 16. d5 c4 17. Bg5 Nc5 18. Qd2 Be7 19. Bh6 Nfd7 20. Nh2 Nxa4 21. Bxa4 bxa4
22. Rxa4 a5 23. Ng4 Ba6 24. Be3 Bb5 25. Ra2 a4 26. Rf1 f6 27. h4 Rf8 28. h5 Qe8
29. hxg6 hxg6 30. Qe2 Kh7 31. Nh6 Rh8 32. Raa1 Nc5 33. Bxc5 dxc5 34. Ng4 Qb8
35. Qd2 Kg7 36. f4 Bd7 37. f5 Rh4 38. Ne3 g5 39. d6 Bd8 40. Rfd1 Qb7 41. Qe2
Rb8 42. Rd2 Kf7 43. Qxc4+ Kf8 44. Nd5 Rg4 45. Nh5 Bb5 46. Qxc5 Rc8 47. Qe3 Kf7
48. Rad1 Bd7 49. Qf3 Rh4 50. g4 Rc4 51. Ng3 Bc6 52. Qe3 Bb5 53. Qf3 Bc6 54. Re2
Qb3 55. Qd3 Rxg4 56. Kg2 Rh4 57. Rdd2 Bb7 58. Re1 Rc6 59. Nb4 Rc4 60. Re3 Bb6
61. d7 Rh8 62. Qd6 Rxb4 63. Qxb4 Qxb4 64. cxb4 Rd8 65. Rc3 Ke7 66. Kf3 Rxd7 67.
Rxd7+ Kxd7 68. b5 Kd6 69. Rc4 Bd4 70. Rxa4 Bxb2 71. Nh5 Kc5 72. Nxf6 Kxb5 73.
Ra7 Kb6 74. Ra2 1-0

[Event "Moscow Aeroflot op-A 18th"]
[Site "Moscow"]
[Date "2019.02.23"]
[Round "5"]
[White "Kobalia, Mihail"]
[Black "Santos Ruiz, Miguel"]
[Result "1/2-1/2"]
[WhiteElo "2627"]
[BlackElo "2554"]
[PlyCount "91"]
[EventDate "2019.02.20"]
[EventType "swiss"]
[EventRounds "9"]
[EventCountry "RUS"]
[SourceTitle "CBM 189"]
[Source "ChessBase"]
[SourceDate "2019.04.29"]
[SourceVersion "1"]
[SourceVersionDate "2019.04.29"]
[SourceQuality "1"]

1. e4 e5 2. Nf3 Nc6 3. Bc4 Bc5 4. d3 Nf6 5. O-O d6 6. a4 a5 7. c3 O-O 8. Nbd2
Be6 9. Bxe6 fxe6 10. Re1 d5 11. Qb3 Qd7 12. Nf1 h6 13. Be3 Bd6 14. Ng3 Kh8 15.
Qb5 b6 16. Rad1 Rae8 17. Bc1 Bc5 18. d4 exd4 19. e5 Nh7 20. cxd4 Bb4 21. Bd2
Bxd2 22. Rxd2 Rf7 23. Rc1 Nb4 24. Ne1 Rc8 25. Nd3 Qxb5 26. axb5 c5 27. dxc5
Nxd3 28. Rxd3 Rxc5 29. Rxc5 bxc5 30. Ra3 Rf4 31. Rxa5 Ng5 32. b6 Rb4 33. Rxc5
Rxb6 34. h4 Nf7 35. f4 g5 36. Rc7 Kg8 37. Nh5 gxf4 38. Nf6+ Kg7 39. Kf2 Rxb2+
40. Kf3 Rb3+ 41. Kxf4 Rb4+ 42. Kg3 Rb3+ 43. Kg4 Rb4+ 44. Kh5 Rb2 45. g3 Rf2 46.
Nxd5 1/2-1/2

[Event "Moscow Aeroflot op-A 18th"]
[Site "Moscow"]
[Date "2019.02.23"]
[Round "5"]
[White "Liu, Yan"]
[Black "Esipenko, Andrey"]
[Result "1/2-1/2"]
[WhiteElo "2498"]
[BlackElo "2603"]
[PlyCount "56"]
[EventDate "2019.02.20"]
[EventType "swiss"]
[EventRounds "9"]
[EventCountry "RUS"]
[SourceTitle "CBM 189"]
[Source "ChessBase"]
[SourceDate "2019.04.29"]
[SourceVersion "1"]
[SourceVersionDate "2019.04.29"]
[SourceQuality "1"]

1. Nf3 Nf6 2. c4 g6 3. b3 Bg7 4. Bb2 c5 5. g3 d6 6. Bg2 e5 7. d3 O-O 8. O-O Nc6
9. Nc3 Ne8 10. Nd2 Nc7 11. Nd5 Nxd5 12. Bxd5 Bh3 13. Re1 Qd7 14. Nb1 Ne7 15.
Bh1 Rab8 16. Nc3 a6 17. e3 b5 18. Rb1 Be6 19. Qd2 f5 20. a4 b4 21. Nd5 g5 22.
Nxe7+ Qxe7 23. d4 Rbd8 24. dxc5 dxc5 25. Bd5 e4 26. Bxg7 Kxg7 27. Qb2+ Kf7 28.
Rbd1 Qf6 1/2-1/2

[Event "Moscow Aeroflot op-A 18th"]
[Site "Moscow"]
[Date "2019.02.23"]
[Round "5"]
[White "Macovei, Andrei"]
[Black "Pourramezanali, Amirreza"]
[Result "1/2-1/2"]
[WhiteElo "2435"]
[BlackElo "2529"]
[PlyCount "112"]
[EventDate "2019.02.20"]
[EventType "swiss"]
[EventRounds "9"]
[EventCountry "RUS"]
[SourceTitle "CBM 189"]
[Source "ChessBase"]
[SourceDate "2019.04.29"]
[SourceVersion "1"]
[SourceVersionDate "2019.04.29"]
[SourceQuality "1"]

1. e4 c5 2. Nf3 d6 3. d4 cxd4 4. Nxd4 Nf6 5. Nc3 a6 6. f3 e5 7. Nb3 Be6 8. Be3
h5 9. Nd5 Bxd5 10. exd5 Nbd7 11. Qd2 g6 12. O-O-O Bg7 13. Kb1 Qc7 14. c4 b6 15.
Be2 O-O 16. h3 Nc5 17. Nxc5 bxc5 18. Qc2 Rab8 19. Bd2 e4 20. Bc3 exf3 21. gxf3
Rfe8 22. Bd3 Re3 23. f4 Qe7 24. Rhg1 Rxh3 25. f5 Ng4 26. Bxg7 Kxg7 27. fxg6
fxg6 28. Rd2 Qe3 29. Rgd1 Ne5 30. Bxg6 h4 31. Bf5 Rg3 32. Be6 Rf8 33. Re2 Qg5
34. b3 Qg6 35. Rh1 Rf4 36. Reh2 Qxc2+ 37. Kxc2 Nf3 38. Rh3 Kf6 39. Kb2 Kg5 40.
Ka3 Rxh3 41. Bxh3 Nd4 42. Bc8 Rf8 43. Rg1+ Kh6 44. Bd7 Rf2 45. Rg8 Nc2+ 46. Ka4
Nb4 47. Ka5 Nxa2 48. Kxa6 Nc1 49. Kb6 Nxb3 50. Kc7 Rf4 51. Rg4 Rxg4 52. Bxg4
Kg5 53. Bh3 Nd2 54. Kxd6 Nxc4+ 55. Kxc5 Ne5 56. d6 Kf6 1/2-1/2

[Event "Moscow Aeroflot op-A 18th"]
[Site "Moscow"]
[Date "2019.02.23"]
[Round "5"]
[White "Martirosyan, Haik M"]
[Black "Petrosyan, Manuel"]
[Result "1-0"]
[WhiteElo "2616"]
[BlackElo "2564"]
[PlyCount "147"]
[EventDate "2019.02.20"]
[EventType "swiss"]
[EventRounds "9"]
[EventCountry "RUS"]
[SourceTitle "CBM 189"]
[Source "ChessBase"]
[SourceDate "2019.04.29"]
[SourceVersion "1"]
[SourceVersionDate "2019.04.29"]
[SourceQuality "1"]

1. d4 Nf6 2. c4 e6 3. Nf3 d5 4. g3 Bb4+ 5. Bd2 Be7 6. Bg2 O-O 7. O-O c6 8. Qb3
b6 9. Nc3 Nbd7 10. cxd5 cxd5 11. Rfc1 Bb7 12. a4 a6 13. a5 Rc8 14. e3 Ne4 15.
Be1 Nd6 16. axb6 Qxb6 17. Qxb6 Nxb6 18. Ne5 Ra8 19. Ra2 Rfc8 20. Rca1 Ne4 21.
Bf1 f6 22. Nd3 Kf7 23. h4 Nxc3 24. Bxc3 Nc4 25. Be1 Rab8 26. b3 Nb6 27. Nb4 Nd7
28. Nd3 Bc6 29. b4 Bb5 30. Nc5 Nxc5 31. dxc5 Rc7 32. Bc3 h5 33. f3 Rcb7 34. Kf2
Bd8 35. Bxb5 axb5 36. Ra6 Ke7 37. Bd4 Rc8 38. f4 Kf7 39. Kf3 Be7 40. e4 dxe4+
41. Kxe4 Rd7 42. Ra7 Rd5 43. Rb7 f5+ 44. Ke3 Rcd8 45. Be5 Rd3+ 46. Ke2 Rd2+ 47.
Ke1 Ke8 48. Rb8 Bf6 49. Rxd8+ Rxd8 50. Bxf6 gxf6 51. Ra5 Rd3 52. Kf2 e5 53.
fxe5 fxe5 54. Rxb5 e4 55. c6 Rf3+ 56. Kg2 Kd8 57. Rd5+ Kc7 58. b5 Kb6 59. Rc5
Kc7 60. b6+ Kxb6 61. c7 Kxc5 62. c8=Q+ Kd4 63. Qh8+ Ke3 64. Qh6+ Kd3 65. Qxh5
Ke2 66. Qe8 Rf2+ 67. Kh3 e3 68. h5 Rf1 69. Qb5+ Ke1 70. Qb1+ Ke2 71. Qc2+ Ke1
72. h6 f4 73. h7 f3 74. Kg4 1-0

[Event "Moscow Aeroflot op-A 18th"]
[Site "Moscow"]
[Date "2019.02.23"]
[Round "5"]
[White "Nabaty, Tamir"]
[Black "Svane, Rasmus"]
[Result "1/2-1/2"]
[WhiteElo "2688"]
[BlackElo "2599"]
[PlyCount "74"]
[EventDate "2019.02.20"]
[EventType "swiss"]
[EventRounds "9"]
[EventCountry "RUS"]
[SourceTitle "CBM 189"]
[Source "ChessBase"]
[SourceDate "2019.04.29"]
[SourceVersion "1"]
[SourceVersionDate "2019.04.29"]
[SourceQuality "1"]

1. d4 d5 2. c4 c6 3. Nf3 Nf6 4. Nbd2 Bf5 5. Nh4 Be4 6. Qb3 Qb6 7. e3 e6 8. Be2
Qxb3 9. Nxb3 dxc4 10. Bxc4 Bd5 11. Nd2 c5 12. dxc5 Bxc5 13. a3 Nbd7 14. b4 Be7
15. Bb2 a5 16. Ke2 axb4 17. axb4 O-O 18. b5 Bxc4+ 19. Nxc4 Nd5 20. Nf3 Nc5 21.
Rxa8 Rxa8 22. Ra1 Rxa1 23. Bxa1 Ne4 24. b6 Bc5 25. Bd4 Bxd4 26. Nxd4 Nec3+ 27.
Kd3 Na4 28. Nd6 Naxb6 29. Nxb7 Kf8 30. g3 Nb4+ 31. Kc3 N4d5+ 32. Kb3 Nf6 33. f3
e5 34. Nf5 e4 35. fxe4 Nxe4 36. Kc2 g6 37. Nfd6 Nxd6 1/2-1/2

[Event "Moscow Aeroflot op-A 18th"]
[Site "Moscow"]
[Date "2019.02.23"]
[Round "5"]
[White "Nihal, Sarin"]
[Black "Sjugirov, Sanan"]
[Result "1/2-1/2"]
[WhiteElo "2578"]
[BlackElo "2663"]
[PlyCount "28"]
[EventDate "2019.02.20"]
[EventType "swiss"]
[EventRounds "9"]
[EventCountry "RUS"]
[SourceTitle "CBM 189"]
[Source "ChessBase"]
[SourceDate "2019.04.29"]
[SourceVersion "1"]
[SourceVersionDate "2019.04.29"]
[SourceQuality "1"]

1. c4 c5 2. Nf3 Nc6 3. Nc3 Nf6 4. g3 d5 5. d4 e6 6. Bg2 dxc4 7. Qa4 Bd7 8. Qxc4
b5 9. Qd3 c4 10. Qc2 Rc8 11. O-O Be7 12. Bg5 a6 13. Rad1 O-O 14. a3 h6 1/2-1/2

[Event "Moscow Aeroflot op-A 18th"]
[Site "Moscow"]
[Date "2019.02.23"]
[Round "5"]
[White "Prithu, Gupta"]
[Black "Lomasov, Semen"]
[Result "1-0"]
[WhiteElo "2470"]
[BlackElo "2559"]
[PlyCount "87"]
[EventDate "2019.02.20"]
[EventType "swiss"]
[EventRounds "9"]
[EventCountry "RUS"]
[SourceTitle "CBM 189"]
[Source "ChessBase"]
[SourceDate "2019.04.29"]
[SourceVersion "1"]
[SourceVersionDate "2019.04.29"]
[SourceQuality "1"]

1. Nf3 Nf6 2. c4 c5 3. Nc3 d5 4. cxd5 Nxd5 5. e3 e6 6. b3 Be7 7. Bb2 O-O 8. Qc2
Nc6 9. a3 a6 10. h4 f5 11. g4 Nxc3 12. Bxc3 Qd5 13. Bg2 fxg4 14. Ng5 Qf5 15. d3
Bf6 16. Bxf6 Qxf6 17. d4 g6 18. Ne4 Qf5 19. Qxc5 h5 20. O-O Rb8 21. Rac1 Bd7
22. Qxf5 exf5 23. Nc5 Rfd8 24. b4 Be8 25. Nxb7 Rxb7 26. Bxc6 Rb6 27. Bxe8 Rxe8
28. Rc7 f4 29. exf4 Rf6 30. Rfc1 Rxf4 31. Ra7 Rf6 32. d5 g3 33. fxg3 Rf3 34.
Kg2 Rd3 35. Rc6 g5 36. Rg6+ Kf8 37. Rxg5 Rd2+ 38. Kh3 Re1 39. Rxh5 Rh1+ 40. Kg4
Rd4+ 41. Kg5 Rxd5+ 42. Kh6 Rd6+ 43. Kh7 Rf1 44. Rg5 1-0

[Event "Moscow Aeroflot op-A 18th"]
[Site "Moscow"]
[Date "2019.02.23"]
[Round "5"]
[White "Safarli, Eltaj"]
[Black "Murzin, Volodar"]
[Result "1/2-1/2"]
[WhiteElo "2681"]
[BlackElo "2337"]
[PlyCount "132"]
[EventDate "2019.02.20"]
[EventType "swiss"]
[EventRounds "9"]
[EventCountry "RUS"]
[SourceTitle "CBM 189"]
[Source "ChessBase"]
[SourceDate "2019.04.29"]
[SourceVersion "1"]
[SourceVersionDate "2019.04.29"]
[SourceQuality "1"]

1. e4 c6 2. d3 d5 3. Nd2 g6 4. Ngf3 Bg7 5. d4 dxe4 6. Nxe4 Nd7 7. Bc4 Ngf6 8.
Nxf6+ Nxf6 9. O-O O-O 10. h3 b6 11. Qe2 Bb7 12. Re1 e6 13. Bg5 Qc7 14. Qe5 Nd5
15. Qxc7 Nxc7 16. c3 Nd5 17. Nd2 Bf6 18. h4 Bg7 19. Bxd5 cxd5 20. Bf4 Rac8 21.
h5 Rfe8 22. g4 f6 23. hxg6 hxg6 24. g5 fxg5 25. Be5 g4 26. Kg2 Ba6 27. Kg3 Bd3
28. Kxg4 Bf5+ 29. Kg3 Bxe5+ 30. Rxe5 Kg7 31. Nf1 Rh8 32. Ne3 Kf7 33. Re1 Rh6
34. Ng4 Rh5 35. R5e2 Rch8 36. Ne5+ Kf6 37. f3 Rh3+ 38. Kf2 g5 39. Rg1 Rh2+ 40.
Rg2 Rh1 41. Re1 Rxe1 42. Kxe1 Rh1+ 43. Kf2 Rb1 44. Kg3 Rh1 45. a3 Rh3+ 46. Kf2
Rh1 47. Nc6 a5 48. Ne5 b5 49. Nc6 a4 50. Ne5 Rb1 51. Kg3 Rh1 52. Rd2 Rg1+ 53.
Kh2 Re1 54. Kg2 Rb1 55. Kf2 Rh1 56. Kg3 Rg1+ 57. Kh2 Re1 58. Kg2 Rb1 59. Nc6
Bg6 60. Kg3 Rg1+ 61. Rg2 Rb1 62. Rf2 Rg1+ 63. Rg2 Rb1 64. Ne5 Bf5 65. Rh2 Rg1+
66. Rg2 Rb1 1/2-1/2

[Event "Moscow Aeroflot op-A 18th"]
[Site "Moscow"]
[Date "2019.02.23"]
[Round "5"]
[White "Sasikiran, Krishnan"]
[Black "Korobov, Anton"]
[Result "1-0"]
[WhiteElo "2678"]
[BlackElo "2687"]
[Annotator "Krasenkow,M"]
[PlyCount "59"]
[EventDate "2019.02.20"]
[EventType "swiss"]
[EventRounds "9"]
[EventCountry "RUS"]
[SourceTitle "CBM 189"]
[Source "ChessBase"]
[SourceDate "2019.04.29"]
[SourceVersion "1"]
[SourceVersionDate "2019.04.29"]
[SourceQuality "1"]

{[%evp 0,59,19,31,70,45,75,61,61,33,38,32,79,32,41,32,31,30,42,3,15,25,21,1,15,
13,18,10,12,7,16,0,-4,27,20,14,28,19,58,89,99,29,92,116,92,79,67,71,152,149,
166,116,195,178,178,169,174,166,256,273,374,371]} 1. e4 c5 2. Nf3 d6 3. d4 cxd4
4. Nxd4 Nf6 5. Nc3 a6 6. Be2 e5 7. Nb3 Be7 8. O-O O-O 9. Re1 Be6 10. Be3 Nbd7
11. a4 Rc8 12. Bf3 {[%mdl 36] One of many possible setups for White in this
system. He prepares Nb3-d2-f1.} Re8 (12... h6 13. a5 Nh7 14. g3 Ng5 15. Bg2 Nh7
16. Nd5 Bxd5 17. Qxd5 Rc6 18. Qd3 Qc7 19. c3 Ng5 20. h4 Ne6 21. Nc1 Nf6 22. Na2
Nc5 23. Qc2 Qd8 24. Nb4 $14 {1-0 (45) Rublevsky,S (2652)-Kobalia,M (2620) Tula
RUS 2019}) (12... Qc7 13. a5 Rfd8 14. Nd2 h6 (14... Nc5 $6 {1/2 (82) Pogonina,
N (2501)-Ding,Y (2385) Ningbo 2010} 15. Nd5) 15. Nf1 Bf8 16. h3 Qb8 17. Ng3 Qc7
18. Re2 b5 19. axb6 Nxb6 20. Rxa6 Nc4 {1-0 (48) Sethuraman,S (2529)-Banikas,H 
(2593) Vrachati 2011} 21. Bc1 $14) (12... Nb6 $5 13. Nd2 (13. a5 Nc4 14. Bc1 b5
15. axb6 Qxb6 16. Qe2 Rc7 17. Rd1 Ra8 18. Qf1 a5 19. Ra4 Rac8 $132 {1/2 (101)
Aravindh,C (2506)-Sarana,A (2433) Moscow 2016}) 13... Nc4 (13... Qc7 14. a5 Nc4
15. Nxc4 Qxc4 16. Re2 h6 17. Rd2 Rfe8 18. Be2 Qc6 19. f3 $14 {1-0 (59)
Pogonina,N (2501)-Ding,Y (2385) Ningbo 2010}) 14. Nxc4 Rxc4 15. a5 Qd7 (15...
Qc7 $5 16. Bb6 Qd7 17. Nd5 Bxd5 18. exd5 Rb4 19. b3 Rxb6 20. axb6 Bd8 21. Qd3
Bxb6 $44 {1/2 (54) Alekseenko,K (2590)-Kokarev,D (2615) Khanty-Mansiysk 2017})
16. Re2 Rfc8 17. Rd2 Rb4 18. Bg5 Rcc4 (18... h6 $5 19. Bxf6 Bxf6) 19. Bxf6 Bxf6
20. Rxd6 Qc7 21. Be2 Rc5 $44 {0-1 (48) Rublevsky,S (2683)-Oparin,G (2602)
Moscow 2017}) 13. a5 Qc7 14. Nd2 (14. h3 h6 15. Re2 Bf8 16. Rd2 Qb8 17. Ra4 Rc4
18. Rxc4 Bxc4 19. Be2 Be6 20. Bf3 Rc8 $132 {0-1 (45) Welin,M (2332)-Sagit,R 
(2414) Sweden 2017}) 14... Nf8 {This manoeuvre is rather senseless as Black's
knight will not be placed well on g6.} (14... Bd8 $5 15. Nf1 Nb8 {[%csl Yb8]
[%cal Yb8c6]}) 15. Nf1 Ng6 16. g3 Qd7 (16... Qc6 17. Bg5 Qc5 18. Bd2 Bd8 19.
Ne3 Ne7 20. Na4 Qc6 21. b3 Qd7 22. Bg2 h6 23. c4 $14 {Black withdraws 1-0 (23)
Meier,C (2201)-Ilyin,I (1763) Lechenicher SchachServer 2013}) 17. Re2 h6 18.
Rd2 Rxc3 $6 {[%mdl 512] This exchange sacrifice is tempting but Black doesn't
get enough compensation.} (18... Bh3 $14 {[%cal Yd7e6]}) 19. bxc3 Qc6 20. Rb1
Qxc3 21. Rxb7 Qxa5 22. Ba7 Qa4 23. Ne3 a5 (23... Nxe4 24. c4 $1 Qxd1+ 25. Rxd1
$16) 24. c4 Qc6 25. Qb1 Bc8 26. Rb6 Qa8 27. Bb8 Nd7 28. Rbb2 Nxb8 29. Rxb8 Qa7
30. Bg4 {White has shown his model plan in this game, and Black didn't.} 1-0

[Event "Moscow Aeroflot op-A 18th"]
[Site "Moscow"]
[Date "2019.02.23"]
[Round "5"]
[White "Sindarov, Javokhir"]
[Black "Dai, Changren"]
[Result "1/2-1/2"]
[WhiteElo "2505"]
[BlackElo "2473"]
[PlyCount "140"]
[EventDate "2019.02.20"]
[EventType "swiss"]
[EventRounds "9"]
[EventCountry "RUS"]
[SourceTitle "CBM 189"]
[Source "ChessBase"]
[SourceDate "2019.04.29"]
[SourceVersion "1"]
[SourceVersionDate "2019.04.29"]
[SourceQuality "1"]

1. e4 e5 2. Nf3 Nc6 3. Bc4 Bc5 4. O-O Nf6 5. d3 d6 6. c3 a6 7. a4 O-O 8. Na3
Na5 9. b4 Nxc4 10. bxc5 Na5 11. h3 Bd7 12. cxd6 cxd6 13. c4 Ne8 14. Bd2 Nc6 15.
Qb3 Rb8 16. Bc3 Qf6 17. Qd1 Qg6 18. Nh4 Qh6 19. Nf3 f5 20. exf5 Bxf5 21. Nc2
Qh5 22. Ne3 Bd7 23. Re1 Nc7 24. c5 Ne6 25. cxd6 Ned4 26. Bxd4 exd4 27. Qb3+ Kh8
28. Qd5 Qxd5 29. Nxd5 Rbd8 30. Ne7 Rf6 31. Rab1 Na5 32. Re5 b5 33. axb5 axb5
34. Nxd4 Rxd6 35. Nef5 Bxf5 36. Nxf5 Rxd3 37. Rexb5 Nc4 38. Rc5 Nd6 39. Nxd6
R3xd6 40. Rb7 h6 41. Rcc7 Rg6 42. h4 Rd5 43. g3 Kh7 44. Kg2 h5 45. Rf7 Kh6 46.
Rf8 Rf6 47. Rh8+ Kg6 48. f4 Rf7 49. Rb3 Rfd7 50. Kh3 Rd3 51. Rbb8 Rd1 52. Rbe8
R7d2 53. f5+ Kxf5 54. Rxh5+ Kg6 55. Rg5+ Kf7 56. Rge5 Rd7 57. h5 R1d5 58. Kh4
Rxe5 59. Rxe5 Kg8 60. g4 Rd4 61. Kg5 Ra4 62. Kf5 Kh7 63. Rb5 Kh6 64. Rd5 Rb4
65. Re5 Ra4 66. Re6+ Kh7 67. g5 Ra1 68. Re8 Rf1+ 69. Ke6 Re1+ 70. Kf7 Rf1+
1/2-1/2

[Event "Moscow Aeroflot op-A 18th"]
[Site "Moscow"]
[Date "2019.02.23"]
[Round "5"]
[White "Vokhidov, Shamsiddin"]
[Black "Kevlishvili, Robby"]
[Result "1/2-1/2"]
[WhiteElo "2494"]
[BlackElo "2463"]
[PlyCount "165"]
[EventDate "2019.02.20"]
[EventType "swiss"]
[EventRounds "9"]
[EventCountry "RUS"]
[SourceTitle "CBM 189"]
[Source "ChessBase"]
[SourceDate "2019.04.29"]
[SourceVersion "1"]
[SourceVersionDate "2019.04.29"]
[SourceQuality "1"]

1. e4 c5 2. Nc3 d6 3. Bb5+ Nc6 4. Bxc6+ bxc6 5. d3 g6 6. Nge2 Bg7 7. O-O Nf6 8.
h3 O-O 9. Be3 e5 10. Qd2 Be6 11. b3 Nh5 12. Bh6 Bxh6 13. Qxh6 Qf6 14. g4 Ng7
15. f4 exf4 16. Qxf4 Qe7 17. e5 d5 18. Qf6 Qc7 19. Nf4 Rae8 20. Na4 Bc8 21. Qd6
Qxd6 22. exd6 g5 23. Nxc5 Rd8 24. d7 Bxd7 25. Ne2 h5 26. Nd4 hxg4 27. hxg4 Bxg4
28. Nxc6 Rd6 29. Nxa7 Nf5 30. Nb5 Rh6 31. Rf2 Kg7 32. Rh2 Rxh2 33. Kxh2 Bf3 34.
Kg1 Rh8 35. Rf1 g4 36. Rxf3 gxf3 37. c4 dxc4 38. bxc4 Rh3 39. a4 Ne3 40. Nd4
Ng4 41. Ne4 f2+ 42. Nxf2 Nxf2 43. Kxf2 Rxd3 44. Nb5 Rb3 45. c5 Kf8 46. c6 Ke7
47. c7 Kd7 48. Nd6 Kxc7 49. Nxf7 Rb4 50. Ke3 Rxa4 51. Ne5 Kd6 52. Nd3 Kd5 53.
Nf4+ Ke5 54. Nd3+ Kf5 55. Nc5 Rc4 56. Nd3 Re4+ 57. Kd2 Rd4 58. Ke3 Rc4 59. Nf2
Rc2 60. Nd3 Rg2 61. Kf3 Rh2 62. Ke3 Ke6 63. Nf4+ Kd6 64. Nd3 Kd5 65. Nf4+ Kc4
66. Ke4 Rh8 67. Ke5 Re8+ 68. Ne6 Rb8 69. Nf4 Rb5+ 70. Ke4 Rb3 71. Ng6 Rb2 72.
Nf4 Rb1 73. Nd3 Kc3 74. Ne5 Rb4+ 75. Kd5 Rb5+ 76. Ke4 Ra5 77. Nc6 Rh5 78. Ne5
Rh4+ 79. Kd5 Rf4 80. Nc6 Kd3 81. Ne5+ Ke3 82. Nc4+ Rxc4 83. Kxc4 1/2-1/2

[Event "Moscow Aeroflot op-A 18th"]
[Site "Moscow"]
[Date "2019.02.23"]
[Round "5"]
[White "Xu, Yinglun"]
[Black "Goganov, Aleksey"]
[Result "1-0"]
[WhiteElo "2512"]
[BlackElo "2612"]
[PlyCount "107"]
[EventDate "2019.02.20"]
[EventType "swiss"]
[EventRounds "9"]
[EventCountry "RUS"]
[SourceTitle "CBM 189"]
[Source "ChessBase"]
[SourceDate "2019.04.29"]
[SourceVersion "1"]
[SourceVersionDate "2019.04.29"]
[SourceQuality "1"]

1. d4 d5 2. c4 c6 3. cxd5 cxd5 4. Nc3 Nc6 5. Nf3 Nf6 6. Bf4 Bf5 7. e3 e6 8. Bd3
Bxd3 9. Qxd3 Be7 10. h3 O-O 11. O-O Rc8 12. Rac1 a6 13. Ne5 Nxe5 14. Bxe5 Nd7
15. Bg3 Qa5 16. Qb1 Nb6 17. Rfd1 Nc4 18. Rc2 Rc6 19. e4 dxe4 20. d5 exd5 21.
Nxd5 Bd8 22. Bc7 Rxc7 23. Nxc7 Qxc7 24. b3 e3 25. fxe3 Qg3 26. Rxc4 Qxe3+ 27.
Kh1 Bf6 28. Qe4 Qf2 29. Qc2 Qg3 30. Rc8 g6 31. Qd3 Qg5 32. Rxf8+ Kxf8 33. Qd5
Qxd5 34. Rxd5 Ke7 35. g4 Ke6 36. Rd1 Be5 37. Kg2 b6 38. Kf3 f5 39. gxf5+ Kxf5
40. Rd7 h5 41. Rf7+ Ke6 42. Rb7 Bd4 43. Ke4 Bf2 44. Rc7 g5 45. Rc6+ Kd7 46. Rf6
Bc5 47. Rg6 g4 48. hxg4 hxg4 49. Kd5 Bf2 50. Rg7+ Kc8 51. Kc6 Kb8 52. Rxg4 b5
53. a4 bxa4 54. Rxa4 1-0

[Event "Moscow Aeroflot op-A 18th"]
[Site "Moscow"]
[Date "2019.02.23"]
[Round "5"]
[White "Yuffa, Daniil"]
[Black "Inarkiev, Ernesto"]
[Result "1/2-1/2"]
[WhiteElo "2578"]
[BlackElo "2692"]
[PlyCount "68"]
[EventDate "2019.02.20"]
[EventType "swiss"]
[EventRounds "9"]
[EventCountry "RUS"]
[SourceTitle "CBM 189"]
[Source "ChessBase"]
[SourceDate "2019.04.29"]
[SourceVersion "1"]
[SourceVersionDate "2019.04.29"]
[SourceQuality "1"]

1. d4 d5 2. c4 e6 3. Nf3 dxc4 4. e3 Nf6 5. Bxc4 c5 6. O-O Nc6 7. Nc3 a6 8. a3
b5 9. Ba2 Bb7 10. Qe2 Qc7 11. Rd1 Rd8 12. d5 exd5 13. Nxd5 Nxd5 14. Bxd5 Be7
15. a4 O-O 16. axb5 axb5 17. Qxb5 Nd4 18. exd4 Bxd5 19. Be3 Rb8 20. Qa5 Qxa5
21. Rxa5 Rfd8 22. Ra7 Rb7 23. Rda1 cxd4 24. Nxd4 Rxa7 25. Rxa7 Bf6 26. h3 h6
27. Ra4 Rb8 28. b4 Bxd4 29. Bxd4 Bc6 30. Be5 Rb6 31. Bd4 Rb7 32. Ra8+ Kh7 33.
Bc5 Rxb4 34. Bxb4 Bxa8 1/2-1/2

[Event "Moscow Aeroflot op-A 18th"]
[Site "Moscow"]
[Date "2019.02.23"]
[Round "5"]
[White "Zvjaginsev, Vadim"]
[Black "Vaibhav, Suri"]
[Result "1/2-1/2"]
[WhiteElo "2642"]
[BlackElo "2575"]
[PlyCount "101"]
[EventDate "2019.02.20"]
[EventType "swiss"]
[EventRounds "9"]
[EventCountry "RUS"]
[SourceTitle "CBM 189"]
[Source "ChessBase"]
[SourceDate "2019.04.29"]
[SourceVersion "1"]
[SourceVersionDate "2019.04.29"]
[SourceQuality "1"]

1. e4 c6 2. Nc3 d5 3. Nf3 Bg4 4. d4 Nf6 5. h3 Bxf3 6. gxf3 e6 7. Be3 Bb4 8. a3
Ba5 9. Qd3 O-O 10. Rg1 Nbd7 11. O-O-O Rc8 12. Na4 Kh8 13. Be2 Bc7 14. Rg5 Qe7
15. Rdg1 Ne8 16. Nc5 Nxc5 17. dxc5 Rd8 18. exd5 cxd5 19. Kb1 b6 20. cxb6 Bxb6
21. Bxb6 axb6 22. R5g4 e5 23. Rb4 Nc7 24. f4 e4 25. Qc3 f5 26. Rxb6 d4 27. Qb3
Nd5 28. Rb7 Rd7 29. Rxd7 Qxd7 30. Rd1 Nxf4 31. Qb4 Rd8 32. Bb5 Qa7 33. h4 h6
34. a4 d3 35. cxd3 Qxf2 36. Ka2 e3 37. Qe7 Rc8 38. Qd7 Rf8 39. Rc1 e2 40. Rc8
Ng6 41. Bc4 Qxh4 42. Rxf8+ Nxf8 43. Qf7 Kh7 44. Qg8+ Kg6 45. Qf7+ Kh7 46. Qxf8
e1=Q 47. Qxf5+ Kh8 48. Qf8+ Kh7 49. Qf5+ Kh8 50. Qc8+ Kh7 51. Qf5+ 1/2-1/2

[Event "Moscow Aeroflot op-A 18th"]
[Site "Moscow"]
[Date "2019.02.24"]
[Round "6"]
[White "Alekseenko, Kirill"]
[Black "Puranik, Abhimanyu Sameer"]
[Result "0-1"]
[WhiteElo "2634"]
[BlackElo "2538"]
[PlyCount "68"]
[EventDate "2019.02.20"]
[EventType "swiss"]
[EventRounds "9"]
[EventCountry "RUS"]
[SourceTitle "CBM 189"]
[Source "ChessBase"]
[SourceDate "2019.04.29"]
[SourceVersion "1"]
[SourceVersionDate "2019.04.29"]
[SourceQuality "1"]

1. e4 e5 2. Nf3 Nc6 3. Bb5 a6 4. Ba4 Nf6 5. O-O Bc5 6. Bxc6 dxc6 7. Nxe5 Nxe4
8. Qe2 Qd5 9. d4 Bxd4 10. Nf3 Be6 11. c4 Qxc4 12. Qxc4 Bxf2+ 13. Rxf2 Bxc4 14.
b3 Nxf2 15. Kxf2 Bd5 16. Nbd2 O-O-O 17. Bb2 f6 18. Rc1 b6 19. h4 h5 20. Bc3 c5
21. Nf1 a5 22. Ne3 Rhe8 23. Nd2 Be6 24. Ndc4 a4 25. bxa4 Bxc4 26. Nxc4 Re4 27.
Nb2 Rxh4 28. Re1 Rf4+ 29. Kg1 Rg4 30. Kh2 Kb7 31. Re7 Kc6 32. Be1 Rd7 33. Re6+
Kd5 34. Re2 Re4 0-1